STN EN 1176-6+AC: 2019 (94 0215), Zariadenia a povrch detských ihrísk Časť 6 Ďalšie špecifické bezpečnostné požiadavky a skúšobné metódy na kývavé zariadenia
Táto norma je slovenskou verziou európskej normy EN 1176-6: 2017+AC: 2019. Preklad zabezpečil Úrad pre normalizáciu, metrológiu a skúšobníctvo Slovenskej republiky. Táto norma má rovnaké postavenie, ako majú oficiálne verzie
| Corporate Author: | |
|---|---|
| Other Authors: | |
| Format: | Book |
| Language: | Slovak English |
| PhysicalDescription: | 24 s. obr., tab. 30 cm |
| Published: |
Bratislava
Úrad pre normalizáciu, metrológiu a skúšobníctvo Slovenskej republiky
2019
|
| Subjects: |
MARC
| LEADER | 00000cam a2200000 a 4500 | ||
|---|---|---|---|
| 001 | vtls011881381 | ||
| 003 | SK-MaSNL | ||
| 005 | 20260301224631.0 | ||
| 008 | 190814s2019 xo a f u 000 0 slo | ||
| 015 | |a SNBN2019 | ||
| 040 | |a SNK |b slo |c SNK |e AACR2 | ||
| 041 | 1 | |a slo |h eng | |
| 044 | |a xo |c SK | ||
| 046 | |a s |m 20190801 (účin.) | ||
| 072 | 7 | |a 712 |x Plánovanie krajiny. Parky. Záhrady |2 konspekt | |
| 072 | 7 | |a 625 |x Pozemné komunikácie. Železničné staviteľstvo |2 konspekt | |
| 080 | |a 712.256-053.2 |2 2011 | ||
| 080 | |a 006.7/.8 |2 2001 | ||
| 080 | |a (437.6) |2 2001 | ||
| 080 | |a (4) |2 2001 | ||
| 080 | |a 625.5 |2 2011 | ||
| 080 | |a 331.45 |2 2011 | ||
| 084 | |a 97.200.40 |2 ICS | ||
| 130 | 0 | |a STN 94 0515 (STN EN 1176-6+AC) |9 617138 | |
| 245 | 1 | 0 | |a STN EN 1176-6+AC: 2019 (94 0215), Zariadenia a povrch detských ihrísk |n Časť 6 |p Ďalšie špecifické bezpečnostné požiadavky a skúšobné metódy na kývavé zariadenia |
| 246 | 1 | 0 | |a Zariadenia a povrch detských ihrísk. Časť 6 |
| 246 | 1 | 0 | |a Ďalšie špecifické bezpečnostné požiadavky a skúšobné metódy na kývavé zariadenia |
| 246 | 3 | 0 | |a EN 1176-6: 2017+AC: 2019 SK |
| 260 | |a Bratislava |b Úrad pre normalizáciu, metrológiu a skúšobníctvo Slovenskej republiky |c 2019 | ||
| 300 | |a 24 s. |b obr., tab. |c 30 cm | ||
| 500 | |a Súbežný názov v angličtine, francúzštine, nemčine | ||
| 500 | |a Spracovateľ: Transportexpert Zvolen, Patrik Vlček | ||
| 500 | |a Táto norma nahrádza anglickú verziu STN EN 1176-6 z apríla 2018, ktorá od 31.10.2018 nahradila STN EN 1176-6 z marca 2009 v celom rozsahu | ||
| 504 | |a Normatívne referenčné dokumenty s. 2 | ||
| 520 | 8 | |a Táto norma je slovenskou verziou európskej normy EN 1176-6: 2017+AC: 2019. Preklad zabezpečil Úrad pre normalizáciu, metrológiu a skúšobníctvo Slovenskej republiky. Táto norma má rovnaké postavenie, ako majú oficiálne verzie | |
| 540 | |a STN vydané na akomkoľvek nosiči sa môžu rozmnožovať a rozširovať iba so súhlasom určenej právnickej osoby |b SÚTN Bratislava |c zákon 264/1999 Z. z. | ||
| 650 | 0 | 7 | |a detské ihriská |2 SNKPH |9 73875 |
| 650 | 0 | 7 | |a technické normy a štandardy |z Slovensko |2 SNKPH |9 79594 |
| 650 | 0 | 7 | |a technické normy a štandardy |z krajiny Európskej únie |2 SNKPH |9 289341 |
| 650 | 0 | 7 | |a Playgrounds |2 SNKPHeng |9 346793 |
| 650 | 0 | 7 | |a Cable railways |2 SNKPHeng |9 322605 |
| 650 | 0 | 7 | |a Industrial safety |2 SNKPHeng |9 267226 |
| 650 | 0 | 7 | |a lanovky |2 SNKPH |9 16006 |
| 650 | 0 | 7 | |a bezpečnosť práce |2 SNKPH |9 1296 |
| 655 | 7 | |a normy |2 SNKPH |9 70643 | |
| 700 | 1 | |a Vlček, Patrik |4 trl |9 360466 | |
| 710 | 1 | |a Slovensko. |b Úrad pre normalizáciu, metrológiu a skúšobníctvo |4 stn |9 158117 | |
| 710 | 2 | |a Slovenský ústav technickej normalizácie (Bratislava, Slovensko). |b Technická komisia č. 710 Pracovná skupina: Šport a rekreácia - zariadenie a vybavenie |4 stn |9 360467 | |
| 710 | 2 | |a Transportexpert (Zvolen, Slovensko) |4 aut |4 trl |9 366199 | |
| 852 | |a Štátna vedecká knižnica v Banskej Bystrici | ||
| 958 | |a OP | ||
| 958 | |a NB | ||
| 999 | |c 947980 |d 949910 | ||
| 952 | |a SNK |b SNK |y PREZ |7 0 |p 17A1390388 |o snkSTN EN 1176-6+AC |i snk2019/27017 |8 0 |0 0 |1 0 |4 0 |d 2019-10-22 |l 0 |r 2026-02-24 09:39:26 |w 2026-02-24 | ||
| 952 | |a SNK |b SNK |y PREZ |7 0 |p 17A1390389 |o snkSTN EN 1176-6+AC D1 |i snk2019/27019 |8 0 |0 0 |1 0 |4 0 |d 2019-10-22 |l 0 |r 2026-02-24 09:39:27 |w 2026-02-24 | ||


